Sanat - "Lokin päällä lokki" - Apulanta - Statistics

Yleistilastot
  • Tätä visaa on pelattu 195 kertaa
  • Keskiarvotulos 144 / 236
Vastaustilastot
Vastaus % Oikein
lokki
95%
lokin
93%
päällä
93%
ja
92%
Ja
92%
joka
88%
on
87%
sen
85%
kun
84%
mun
84%
tuli
82%
huoneisiin
81%
ei
79%
hulluus
79%
kerta
79%
kutsumatta
79%
se
79%
kuin
78%
luvanneet
72%
nokki
72%
koko
71%
pelastusta
71%
elämän
70%
Aikaa
69%
ennen
69%
valoa
67%
hiljaisuus
65%
muuta
65%
myyvät
65%
kajoa
63%
repaleen
62%
heijastusta
60%
sataen
60%
vaadi
60%
vie
60%
tulen
58%
manataan
57%
mitä
57%
toisistansa
57%
ylleni
57%
sulta
56%
yhtä
56%
oo
55%
vaadi
55%
näköinen
54%
mitään
53%
tai
53%
tämä
53%
minun
52%
paskaa
52%
teen
52%
vastaan
51%
johon
50%
kaiken
50%
Koskaan
50%
tullu
50%
joku
48%
ne
48%
odotin
48%
voi
48%
pieni
47%
järjestelmäshokki
46%
miten
46%
alleen
45%
et
45%
linna
45%
pois
44%
Kirjoitan
43%
noin
43%
peittää
43%
silti
43%
viestejä
42%
kasvoihin
41%
katoaa
41%
taikka
41%
ainoa
39%
mut
39%
valoo
39%
heijastuu
38%
niin
38%
koti
37%
odotan
36%
siitä
36%
ilman
35%
ajan
34%
itseänsä
34%
etsii
33%
vastasin
33%
sanat
32%
kauniiksi
31%
painoa
31%
valehtelen
31%
hengittää
30%
kanssani
30%
mukanaan
30%
pohjaan
30%
taikaa
30%
teet
30%
väärin
30%
ymmärsin
30%
aiemmin
29%
aivan
29%
ajatuksistaan
29%
Ehtii
29%
hetkii
29%
liikaa
29%
retkii
29%
unohdin
29%
vastaukset
29%
viisaudet
29%
monikasvoinen
28%
rajoja
28%
sinne
28%
tehdä
28%
ulos
28%
uudestaan
28%
vaarallisii
27%
yhtään
27%
keksii
26%
patoaa
26%
syytä
26%
tajusin
26%
mustetahratesteihin
25%
syvyytensä
25%
tahdot
25%
Rautaa
23%
jotain
20%
peilehin
3%
syädnvaloja
0%
Ehtoja vastaavia visoja ei löytynyt
Tulosjakauma
Jokaisen tuloksen saaneiden osuus
Persentiili vastausten määrän mukaan
Tuloshistoriasi
Et ole pelannut tätä visaa